header

New inscriptions and seals relating to the biblical world (Record no. 59224)

MARC details
000 -LEADER
fixed length control field 01734nam a2200433 a 4500
082 04 - DEWEY DECIMAL CLASSIFICATION NUMBER
Classification number 492
245 00 - TITLE STATEMENT
Title New inscriptions and seals relating to the biblical world
260 ## - PUBLICATION, DISTRIBUTION, ETC. (IMPRINT)
Place of publication Atlanta :
Name of publisher Society of Biblical Literature,
Year of publication c2012.
300 ## - PHYSICAL DESCRIPTION
Number of Pages xxi, 313 p. :
Other physical details ill., port.
490 0# - SERIES STATEMENT
Series statement Society of Biblical Literature archaeology and biblical studies ;
650 #0 - SUBJECT ADDED ENTRY--TOPICAL TERM
Topical Term Inscriptions, Hebrew
Topical Term Inscriptions, Hebrew
Topical Term Seals (Numismatics)
Topical Term Seals (Numismatics)
Topical Term Jewish seals (Numismatics)
700 1# - ADDED ENTRY--PERSONAL NAME
Personal name Lubetski, Meir.
Personal name Lubetski, Edith.
856 40 - ELECTRONIC LOCATION AND ACCESS
Uniform Resource Identifier http://site.ebrary.com/lib/rucke/Doc?id=10676855

No items available.

© 2026 Rongo University
Contact us: librarian | system librarian | Rongo university